| 000 | 00893nam a2200217Ia 4500 | ||
|---|---|---|---|
| 005 | 20240530110942.0 | ||
| 008 | 140319s1983 xx 000 0 ara d | ||
| 040 |
_aGCL / _cGCL |
||
| 082 | 0 | 4 |
_a922.1 / _bج ط |
| 100 | 1 | _aالسيوطى : جلال الدين ابوالفضل عبدالرحمن بن ابى بكر بن محمد الخضيرى | |
| 245 | 1 | 0 |
_aطبقات الحفاظ / _cالسيوطى : جلال الدين ابوالفضل عبدالرحمن بن ابى بكر بن محمد الخضيرى |
| 260 |
_aبيروت : _bدار الكتب العلمية للنشر والتوزيع ، _c1983 |
||
| 300 |
_a607 ص؛ _c24 سم |
||
| 650 | 0 | 4 | _aالرواه - تراجم |
| 650 | 0 | 4 | _aالحفاظ - تراجم |
| 650 | 0 | 4 | _aالسيوطى |
| 650 | 0 | 4 | _aالصحابة |
| 650 | 0 | 4 | _aالتابعين |
| 942 |
_2ddc _cBK |
||
| 999 |
_c66841 _d66841 |
||